部首为鱼/魚的常见中文汉字 Common Chinese characters with the radical “Fish” - Statistics

General Stats
  • This quiz has been taken 29 times
  • The average score is 26 of 79
Answer Stats
拼音首字母 笔画数 汉字 % Correct
y 8
92%
l 15
88%
s 15
84%
j 16
80%
j 15
72%
l 13
72%
b 19
64%
l 15
64%
x 14
64%
b 13
60%
c 16
60%
ɡ 14
60%
ɡ 20
60%
y 12 鱿
60%
m 19
56%
q 16
56%
q 18
56%
a 18
52%
e 17
52%
y 19
52%
b 13
48%
b 19
48%
f 16
48%
d 16
44%
l 12
44%
l 20
44%
n 13
44%
x 19
44%
z 20
44%
h 13
40%
s 9
40%
s 17
40%
w 14
40%
l 16
36%
y 18
36%
a 17
32%
b 17
32%
f 12
32%
j 14
32%
s 20
32%
b 12
28%
f 13
28%
ɡ 15
24%
k 16
24%
q 17
24%
b 13
20%
n 16
20%
z 16
20%
e 14
16%
f 17
16%
ɡ 18
16%
j 15
16%
p 13
16%
t 13
16%
t 15
16%
x 14
16%
c 17 鲿
12%
d 17
12%
f 17
12%
h 17
12%
j 14
12%
l 15
12%
z 16
12%
ɡ 15
8%
ɡ 16
8%
j 14
8%
l 11
8%
x 14
8%
b 17
4%
h 15
4%
l 21
4%
m 19
4%
z 21
4%
b 15
0%
b 16
0%
c 20
0%
k 22
0%
t 18
0%
x 23
0%
No matching quizzes found
Score Distribution
Percent of People with Each Score
Percentile by Number Answered
Your Score History
You have not taken this quiz